| 000 | 00646cam a22002053a 4500 | ||
|---|---|---|---|
| 001 | 37831 | ||
| 003 | PGUSA | ||
| 005 | 20140828083830.0 | ||
| 008 | 111023s2011||||xxu|||||s|||||000 | eng d | ||
| 040 |
_aPGUSA _beng |
||
| 042 | _adc | ||
| 245 | 1 | 4 |
_aThe Danes Sketched by Themselves. Vol. I (of 3) : _bA Series of Popular Stories by the Best Danish Authors _h[electronic resource] / _cVarious |
| 260 |
_bProject Gutenberg, _c2011 |
||
| 506 | _aPublic domain in the USA. | ||
| 516 | _aElectronic text | ||
| 700 | 1 |
_aBushby, _cMrs _q(Anna S.) |
|
| 830 | 0 |
_aProject Gutenberg _v37831 |
|
| 856 | 4 | 0 | _uhttp://www.gutenberg.org/ebooks/37831 |
| 942 | _cEB | ||
| 999 |
_c267085 _d267085 |
||